Norwich City International Players #1 (England) - Statistics

General Stats
  • This quiz has been taken 13 times
  • The average score is 13 of 20
Answer Stats
Picture Answer % Correct
Harry Kane
100%
James Maddison
100%
Peter Crouch
100%
Robert Green
91%
Fraser Forster
82%
Chris Sutton
73%
Patrick Bamford
73%
Ben Godfrey
64%
Danny Mills
64%
Dion Dublin
64%
Nathan Redmond
64%
Scott Parker
64%
Dean Ashton
55%
John Ruddy
55%
Kieran Gibbs
55%
Martin Peters
55%
Ryan Bertrand
55%
David Bentley
27%
David Rocastle
27%
Matt Jarvis
18%
No matching quizzes found
Score Distribution
Percent of People with Each Score
Percentile by Number Answered
Your Score History
You have not taken this quiz